| 000 | 01094nam a22003137a 4500 | ||
|---|---|---|---|
| 001 | 833 | ||
| 005 | 20250506083430.0 | ||
| 020 |
_a0060241012 : _c$11.95 |
||
| 020 | _a0060241020 (lib. bdg.) : | ||
| 020 | _a9780590974097 | ||
| 040 |
_aDLC _beng _cDLC _dDLC |
||
| 050 | 0 | 0 |
_aPZ7.M2225 _bSar 1985 |
| 082 | 0 | 0 |
_a813 _219 |
| 100 | 1 | _aMacLachlan, Patricia. | |
| 245 | 1 | 0 |
_aSarah, plain and tall / _cPatricia MacLachlan. |
| 250 | _aFirst Scholastic printing, September 1996. | ||
| 260 |
_aNew York : _bScholastic, _c1985 |
||
| 300 |
_a64 pages. ; _c20 cm. |
||
| 500 | _a"A Charlotte Zolotow book." | ||
| 505 | _aP | ||
| 520 | _aWhen their father invites a mail-order bride to come live with them in their prairie home, Caleb and Anna are captivated by their new mother and hope that she will stay. | ||
| 521 |
_a650
_bLexile |
||
| 521 |
_aP
_bRaz-Plus |
||
| 650 | 0 |
_aWitting family (Fictitious characters) _vFiction. |
|
| 650 | 0 |
_aStepmothers _vFiction |
|
| 650 | 0 |
_aFrontier and pioneer life _vFiction |
|
| 906 |
_a7 _bcbc _corignew _d1 _eocip _f19 _gy-gencatlg |
||
| 942 |
_2ddc _cBK _n0 |
||
| 999 |
_c833 _d833 |
||